| 000 | 00974nam a2200265 i 4500 | ||
|---|---|---|---|
| 999 |
_c8031 _d8031 |
||
| 003 | OSt | ||
| 005 | 20250716120521.0 | ||
| 008 | 231219s2025 spco||| |||| 010 0dspa|c | ||
| 020 | _a9788412740516 | ||
| 040 | _cCDMR | ||
| 245 | 0 | 0 |
_aColita, el poder de la mirada / _ccoordinació, Xavier Puig García, Jordi Rovira, Francesc Polop |
| 264 | 1 |
_a[Barcelona] : _bCol·legi de Periodistes de Catalunya, _c[2025] |
|
| 300 |
_a79 pàgines : _bfotografies en blanc i negre ; _c21 cm |
||
| 490 | 1 |
_aVaixells de paper ; _v36 |
|
| 600 | 0 | 7 |
_aColita, _d1940-2023. |
| 650 | 7 |
_aFotògrafs de premsa _zCatalunya _xBiografia. |
|
| 650 | 7 |
_aFotògrafes _zCatalunya _xBiografia. |
|
| 650 | 7 | _aLlibres homenatge. | |
| 700 | 1 |
_aPuig García, Xavier, _eeditor literari |
|
| 700 | 1 |
_aRovira, Jordi, _eeditor literari |
|
| 700 | 1 |
_aPolop, Francesc, _eeditor literari |
|
| 710 | 2 |
_aCol·legi de Periodistes de Catalunya, _eentitat editora |
|
| 830 | 0 |
_aVaixells de paper ; _v36 |
|
| 942 |
_2udc _cMON |
||